[Event "VIE-ch U11 Girls"]
[Site "Ho Chi Minh City"]
[Date "2014.07.17"]
[Round "7"]
[White "Pham, Nguyen Quynh Anh"]
[Black "Pham, Ngoc Thai Tram"]
[Result "1-0"]
[WhiteElo "1749"]
[BlackElo "1706"]
[PlyCount "59"]
[EventDate "2014.07.13"]
[EventType "swiss"]
[EventRounds "9"]
[EventCountry "VIE"]
[SourceTitle "EXT 2016"]
[Source "ChessBase"]
[SourceDate "2015.10.08"]
[SourceVersion "1"]
[SourceVersionDate "2015.10.08"]
[SourceQuality "1"]

1. d4 d5 2. e3 Nf6 3. Bd3 e6 4. c3 Bd6 5. Nd2 Bd7 6. f4 Nc6 7. Ngf3 Qe7 8. 0-0 0-0-0 9. b4 a6 10. a4 Na7 11. Qb3 h6 12. c4 dxc4 13. Nxc4 Bxb4 14. Rb1 Nc6 15. Bd2 a5 16. Nxa5 Nxa5 17. Bxb4 Nxb3 18. Bxe7 Bxa4 19. Bxd8 Rxd8 20. Bc2 Nc5 21. Bxa4 Nxa4 22. Ra1 Nb6 23. Ra2 Nfd5 24. Ne5 f6 25. Nd3 Nxe3 26. Rfa1 c6 27. Nc5 Re8 28. Ra8+ Nxa8 29. Rxa8+ Kc7 30. Rxe8 1-0

[Event "VIE-ch U11 Girls"]
[Site "Ho Chi Minh City"]
[Date "2014.07.14"]
[Round "3"]
[White "Phan, Thi My Huong"]
[Black "Pham, Ngoc Thai Tram"]
[Result "1-0"]
[WhiteElo "1738"]
[BlackElo "1706"]
[PlyCount "73"]
[EventDate "2014.07.13"]
[EventType "swiss"]
[EventRounds "9"]
[EventCountry "VIE"]
[SourceTitle "EXT 2016"]
[Source "ChessBase"]
[SourceDate "2015.10.08"]
[SourceVersion "1"]
[SourceVersionDate "2015.10.08"]
[SourceQuality "1"]

1. e4 e6 2. d4 d5 3. exd5 exd5 4. Nf3 Nf6 5. Bg5 Be7 6. Nc3 Be6 7. Bb5+ c6 8. Bd3 Nbd7 9. Bf4 0-0 10. 0-0 Re8 11. Re1 Nf8 12. Ne5 Bd6 13. h3 Ng6 14. Bg3 Bxe5 15. Bxe5 Nxe5 16. dxe5 Nd7 17. Qh5 g6 18. Qh6 Qe7 19. a3 Qf8 20. Qf4 Nc5 21. Bf1 Bf5 22. Rac1 Qg7 23. Qb4 b6 24. Qd4 Nd7 25. Qa4 b5 26. Qa6 Nxe5 27. f4 Bc8 28. Qa5 Nd7 29. Rxe8+ Nf8 30. Qb4 a5 31. Qc5 h5 32. Rd1 a4 33. Qxc6 Bb7 34. Qxb5 Rxe8 35. Qxe8 d4 36. Nxa4 Qf6 37. Qe5 1-0

[Event "VIE-ch U11 Girls"]
[Site "Ho Chi Minh City"]
[Date "2014.07.13"]
[Round "2"]
[White "Pham, Ngoc Thai Tram"]
[Black "Hau, Nguyen My Kim"]
[Result "1-0"]
[WhiteElo "1706"]
[BlackElo "1736"]
[PlyCount "91"]
[EventDate "2014.07.13"]
[EventType "swiss"]
[EventRounds "9"]
[EventCountry "VIE"]
[SourceTitle "EXT 2016"]
[Source "ChessBase"]
[SourceDate "2015.10.08"]
[SourceVersion "1"]
[SourceVersionDate "2015.10.08"]
[SourceQuality "1"]

1. e4 e5 2. Nf3 Nc6 3. Bc4 h6 4. Nc3 Nf6 5. d3 Bc5 6. 0-0 0-0 7. Bd2 d6 8. h3 Nd4 9. Nxd4 Bxd4 10. Qf3 Nd7 11. Rab1 Qf6 12. Qg3 Nb6 13. Bb3 a5 14. Nb5 a4 15. Bd5 Nxd5 16. exd5 c6 17. Nxd4 exd4 18. dxc6 bxc6 19. Bf4 d5 20. Be5 Qg6 21. Qxg6 fxg6 22. Bxd4 a3 23. Bc5 Re8 24. Bxa3 Re2 25. c3 Ba6 26. d4 Rc2 27. Rfe1 Bd3 28. Rbd1 Bc4 29. Re6 Bxa2 30. Rxc6 Kh7 31. Rc7 Re8 32. Rf1 Bc4 33. Rb1 Kg8 34. Re7 Rf8 35. f3 Bd3 36. Rbe1 Rd8 37. Re8+ Rxe8 38. Rxe8+ Kf7 39. Re7+ Kf6 40. Re8 Kg5 41. Re5+ Kf4 42. Rxd5 Kg3 43. Bd6+ Kh4 44. Be5 Rc1+ 45. Kh2 Bf1 46. Bg3# 1-0